[Event "Copenhagen Chess Challenge 2012"]
[Site "Ballerup"]
[Date "2012.??.??"]
[Round "5"]
[White "Bendixen, Daniel"]
[Black "Skovgaard, Ib"]
[Result "1/2-1/2"]
[WhiteElo "1837"]
[BlackElo "2035"]
[PlyCount "55"]
[EventDate "2012.??.??"]
[EventType "swiss"]
[EventRounds "9"]
[EventCountry "DEN"]

1. e4 Nf6 2. Nc3 d5 3. e5 Ne4 4. Nxe4 dxe4 5. d4 exd3 6. Bxd3 Nc6 7. Nf3 Nb4 8.
Bb5+ c6 9. Qxd8+ Kxd8 10. Ba4 Be6 11. Bd2 Na6 12. O-O-O b5 13. Bb3 Bxb3 14.
axb3 e6 15. Ba5+ Ke8 16. Rd2 Be7 17. c3 g5 18. b4 g4 19. Nd4 Bg5 20. Nxc6 Nb8
21. Nd4 a6 22. Rhd1 Nd7 23. Nc6 f6 24. exf6 Nxf6 25. Kc2 Bxd2 26. Rxd2 Kf7 27.
Nd8+ Ke7 28. Nc6+ 1/2-1/2

[Event "Copenhagen Chess Challenge 2012"]
[Site "Ballerup"]
[Date "2012.??.??"]
[Round "5"]
[White "Yildiz, Hasan"]
[Black "Leosson, Atli Johann"]
[Result "1-0"]
[WhiteElo "2032"]
[BlackElo "1715"]
[PlyCount "45"]
[EventDate "2012.??.??"]
[EventType "swiss"]
[EventRounds "9"]
[EventCountry "DEN"]

1. Nf3 d5 2. d3 Nf6 3. g3 g6 4. Bg2 Bg7 5. O-O O-O 6. Re1 c6 7. Nbd2 Nbd7 8. c3
Re8 9. a4 a5 10. e4 dxe4 11. dxe4 Nc5 12. e5 Nd3 13. exf6 Nxe1 14. fxg7 Nxf3+
15. Qxf3 Kxg7 16. Ne4 Be6 17. Be3 f6 18. Rd1 Qc8 19. Qf4 Rd8 20. Qh6+ Kh8 21.
Bd4 Rf8 22. Ng5 Bg8 23. Bh3 1-0

[Event "Copenhagen Chess Challenge 2012"]
[Site "Ballerup"]
[Date "2012.??.??"]
[Round "5"]
[White "Jorgensen, Carina Eilegaard"]
[Black "Skovle, Lars"]
[Result "1-0"]
[WhiteElo "2028"]
[BlackElo "1621"]
[PlyCount "41"]
[EventDate "2012.??.??"]
[EventType "swiss"]
[EventRounds "9"]
[EventCountry "DEN"]

1. c4 f5 2. d4 Nf6 3. Nc3 g6 4. g3 Bg7 5. Bg2 O-O 6. Nf3 d6 7. O-O c6 8. Qc2
Qe8 9. d5 e5 10. dxe6 Bxe6 11. b3 d5 12. Ba3 dxc4 13. Bxf8 cxb3 14. axb3 Qxf8
15. Ng5 Bd5 16. Nxd5 Nxd5 17. Ne6 Qf7 18. Nxg7 Kxg7 19. Rfd1 Na6 20. Rxa6 bxa6
21. Qxc6 1-0

[Event "Copenhagen Chess Challenge 2012"]
[Site "Ballerup"]
[Date "2012.??.??"]
[Round "5"]
[White "Kallenbach, Uffe"]
[Black "Philipsen, William Horup"]
[Result "0-1"]
[WhiteElo "1643"]
[BlackElo "1895"]
[PlyCount "26"]
[EventDate "2012.??.??"]
[EventType "swiss"]
[EventRounds "9"]
[EventCountry "DEN"]

1. d4 d5 2. Nf3 Nc6 3. c4 e5 4. dxe5 d4 5. Bd2 Nge7 6. e3 d3 7. Bc3 Bf5 8. Nbd2
Qd7 9. Nd4 O-O-O 10. N2f3 Ng6 11. Nxf5 Qxf5 12. Nd4 Nxd4 13. exd4 Qe4+ 0-1

[Event "Copenhagen Chess Challenge 2012"]
[Site "Ballerup"]
[Date "2012.??.??"]
[Round "5"]
[White "Petrovski, Petruli"]
[Black "Nielsen, Thomas (1994)"]
[Result "1-0"]
[WhiteElo "1879"]
[BlackElo "1616"]
[PlyCount "75"]
[EventDate "2012.??.??"]
[EventType "swiss"]
[EventRounds "9"]
[EventCountry "DEN"]

1. Nf3 Nf6 2. b3 d6 3. d3 e5 4. Nbd2 Nc6 5. Bb2 Be6 6. g3 Be7 7. Bg2 h6 8. O-O
Qd7 9. Re1 Bh3 10. Bh1 O-O-O 11. c4 Nh5 12. d4 exd4 13. Nxd4 Nxd4 14. Bxd4 Bf6
15. Bxf6 Nxf6 16. b4 Rhe8 17. Qb3 c6 18. b5 Re7 19. Rab1 c5 20. a4 Bf5 21. Rb2
Rde8 22. Nf1 Be4 23. f3 Bf5 24. e4 Bg6 25. Ne3 Nxe4 26. fxe4 Bxe4 27. Nd5 Bxd5
28. Rxe7 Qxe7 29. Bxd5 f6 30. Qf3 Qe1+ 31. Kg2 Re7 32. Bxb7+ Rxb7 33. Re2 Qxe2+
34. Qxe2 Rd7 35. Qe8+ Rd8 36. Qc6+ Kb8 37. a5 d5 38. a6 1-0

[Event "Copenhagen Chess Challenge 2012"]
[Site "Ballerup"]
[Date "2012.??.??"]
[Round "5"]
[White "Olsen, Michael Richard W"]
[Black "Einarsson, Oskar Long"]
[Result "1-0"]
[WhiteElo "2023"]
[BlackElo "1591"]
[PlyCount "53"]
[EventDate "2012.??.??"]
[EventType "swiss"]
[EventRounds "9"]
[EventCountry "DEN"]

1. e4 c5 2. Nf3 d6 3. d4 cxd4 4. Nxd4 Nf6 5. Nc3 a6 6. Be2 e6 7. Be3 Be7 8. a4
b6 9. Qd2 Bb7 10. f3 Nbd7 11. O-O Rc8 12. Nb3 Ne5 13. Qd4 Ned7 14. Bf2 O-O 15.
Rfd1 Nc5 16. Nd2 Qc7 17. Qe3 Rfd8 18. Nf1 Ncd7 19. Qd2 Ne5 20. Ne3 d5 21. exd5
exd5 22. Nf5 Bc5 23. Bxc5 bxc5 24. Qg5 Ng6 25. Re1 Qf4 26. Ne7+ Kf8 27. Nxg6+
1-0

[Event "Copenhagen Chess Challenge 2012"]
[Site "Ballerup"]
[Date "2012.??.??"]
[Round "5"]
[White "Svane, Frederik"]
[Black "Jakobcic, Oliver"]
[Result "0-1"]
[WhiteElo "1682"]
[BlackElo "1855"]
[PlyCount "58"]
[EventDate "2012.??.??"]
[EventType "swiss"]
[EventRounds "9"]
[EventCountry "DEN"]

1. e4 c5 2. Nf3 d6 3. d4 cxd4 4. Nxd4 Nf6 5. Nc3 a6 6. Bd3 e5 7. Nf3 Be6 8. O-O
Nc6 9. Qe2 Be7 10. Be3 d5 11. exd5 Nxd5 12. Nxd5 Bxd5 13. Bd2 f6 14. Be4 O-O
15. Bxd5+ Qxd5 16. c4 Qf7 17. Rac1 Rfd8 18. Rfd1 Bc5 19. Be3 Bxe3 20. Rxd8+
Rxd8 21. Qxe3 Nd4 22. Nxd4 Rxd4 23. Qb3 Qd7 24. Kf1 Rd3 25. Qc2 Rd2 26. Qb3 Qd4
27. c5+ Kf8 28. Qf3 e4 29. Qg3 Rd1+ 0-1

[Event "Copenhagen Chess Challenge 2012"]
[Site "Ballerup"]
[Date "2012.??.??"]
[Round "6"]
[White "Skovgaard, Ib"]
[Black "Johansen, Johnny Holler"]
[Result "0-1"]
[WhiteElo "2035"]
[BlackElo "1967"]
[PlyCount "58"]
[EventDate "2012.??.??"]
[EventType "swiss"]
[EventRounds "9"]
[EventCountry "DEN"]

1. e4 e6 2. d4 d5 3. Nd2 c5 4. Ngf3 Nc6 5. exd5 exd5 6. Bb5 a6 7. Bxc6+ bxc6 8.
O-O Nf6 9. Ne5 Qc7 10. Ndf3 Bd6 11. c3 O-O 12. h3 Ne4 13. Re1 a5 14. Qc2 f6 15.
Nc4 Be7 16. Rxe4 dxe4 17. Qxe4 f5 18. Qe2 cxd4 19. cxd4 Bf6 20. Bd2 Bd7 21. Rc1
Rfe8 22. Qd3 Kh8 23. g3 Re4 24. d5 cxd5 25. Qxd5 Rd8 26. Nd6 Be6 27. Rxc7 Bxd5
28. Nxe4 Bxe4 29. Ng5 Bxg5 0-1

[Event "Copenhagen Chess Challenge 2012"]
[Site "Ballerup"]
[Date "2012.??.??"]
[Round "6"]
[White "Leosson, Atli Johann"]
[Black "Percivaldi, Martin"]
[Result "0-1"]
[WhiteElo "1715"]
[BlackElo "1938"]
[PlyCount "96"]
[EventDate "2012.??.??"]
[EventType "swiss"]
[EventRounds "9"]
[EventCountry "DEN"]

1. e4 e6 2. d4 d5 3. exd5 exd5 4. Bd3 Nf6 5. Ne2 c5 6. c3 Nc6 7. O-O c4 8. Bc2
Be7 9. Nd2 Bg4 10. f3 Bd7 11. Re1 O-O 12. Nf1 b5 13. Bg5 h6 14. Bxf6 Bxf6 15.
Nf4 Ne7 16. Ne3 Bc6 17. Ng4 Nc8 18. Nh5 Be7 19. Qe2 Qd6 20. Ne5 g6 21. Nf4 Bg5
22. Nh3 Bf6 23. Qe3 Bg7 24. Qf4 Bd7 25. Nxd7 Qxd7 26. Re2 Nb6 27. Rae1 Rfe8 28.
Nf2 h5 29. Qg5 Rxe2 30. Rxe2 Re8 31. Qd2 b4 32. Rxe8+ Qxe8 33. cxb4 Bxd4 34.
Kf1 Bxb2 35. Bxg6 c3 36. Bxf7+ Qxf7 37. Qg5+ Qg7 38. Qxh5 c2 39. Qe8+ Kh7 40.
Qh5+ Qh6 41. Qf7+ Bg7 42. Qf5+ Qg6 43. Qxg6+ Kxg6 44. Nd3 Bb2 45. Ke2 c1=Q 46.
Nxc1 Bxc1 47. Kd3 Bb2 48. f4 Kf5 0-1

[Event "Copenhagen Chess Challenge 2012"]
[Site "Ballerup"]
[Date "2012.??.??"]
[Round "6"]
[White "Skovle, Lars"]
[Black "Olsen, Michael Richard W"]
[Result "1/2-1/2"]
[WhiteElo "1621"]
[BlackElo "2023"]
[PlyCount "33"]
[EventDate "2012.??.??"]
[EventType "swiss"]
[EventRounds "9"]
[EventCountry "DEN"]

1. e4 e5 2. Bc4 Nf6 3. d3 Be7 4. f4 d6 5. Nf3 exf4 6. Bxf4 Be6 7. Nbd2 Qd7 8.
c3 Bxc4 9. Nxc4 Qg4 10. Bg3 Nc6 11. Ne3 Qd7 12. Qb3 O-O 13. O-O-O Na5 14. Qc2
c5 15. d4 c4 16. e5 Ne8 17. exd6 1/2-1/2

[Event "Copenhagen Chess Challenge 2012"]
[Site "Ballerup"]
[Date "2012.??.??"]
[Round "6"]
[White "Nielsen, Thomas (1994)"]
[Black "Jakobcic, Oliver"]
[Result "0-1"]
[WhiteElo "1616"]
[BlackElo "1855"]
[PlyCount "68"]
[EventDate "2012.??.??"]
[EventType "swiss"]
[EventRounds "9"]
[EventCountry "DEN"]

1. d4 Nf6 2. c4 g6 3. Nf3 Bg7 4. Nc3 d6 5. e4 O-O 6. Bd3 e5 7. d5 Na6 8. Be3
Ng4 9. Bg5 f6 10. Bh4 Qe8 11. h3 Nh6 12. Qc2 Nb4 13. Qd2 f5 14. Nb5 Nxd3+ 15.
Qxd3 fxe4 16. Qxe4 Bf5 17. Qe3 Qd7 18. Nh2 a6 19. Nc3 Qe8 20. O-O Nf7 21. g4
Bd7 22. g5 Bf5 23. Ne4 Qd7 24. Kg2 Bxe4+ 25. Qxe4 Qf5 26. Rae1 Nxg5 27. Qxf5
Rxf5 28. Bxg5 Rxg5+ 29. Kf3 Rf8+ 30. Ke3 Bh6 31. Kd3 Rg2 32. Ng4 Bg5 33. Re2
Rf3+ 34. Ne3 Rxh3 0-1

[Event "Copenhagen Chess Challenge 2012"]
[Site "Ballerup"]
[Date "2012.??.??"]
[Round "6"]
[White "Einarsson, Oskar Long"]
[Black "Kallenbach, Uffe"]
[Result "0-1"]
[WhiteElo "1591"]
[BlackElo "1643"]
[PlyCount "52"]
[EventDate "2012.??.??"]
[EventType "swiss"]
[EventRounds "9"]
[EventCountry "DEN"]

1. e4 c5 2. Nf3 Nf6 3. Nc3 Nc6 4. d4 cxd4 5. Nxd4 e6 6. Nxc6 bxc6 7. Bd3 Qc7 8.
O-O Be7 9. Be3 O-O 10. Qd2 Ng4 11. Bf4 e5 12. Bg3 d6 13. h3 Nh6 14. Kh2 Be6 15.
f4 f5 16. exf5 Nxf5 17. Be1 d5 18. g4 Nd4 19. Bg3 Bd6 20. fxe5 Bxe5 21. Bxe5
Qxe5+ 22. Kh1 c5 23. Rae1 Qd6 24. Nb5 Nxb5 25. Bxb5 d4 26. b3 Bd5+ 0-1

[Event "Copenhagen Chess Challenge 2012"]
[Site "Ballerup"]
[Date "2012.??.??"]
[Round "6"]
[White "Kuntz, Lene"]
[Black "Svane, Frederik"]
[Result "0-1"]
[WhiteElo "1701"]
[BlackElo "1682"]
[PlyCount "134"]
[EventDate "2012.??.??"]
[EventType "swiss"]
[EventRounds "9"]
[EventCountry "DEN"]

1. e4 c5 2. Nf3 Nc6 3. d4 cxd4 4. Nxd4 Nf6 5. Nc3 e5 6. Nf3 Bb4 7. Bd3 d5 8.
exd5 Nxd5 9. Bd2 O-O 10. O-O f5 11. Nxd5 Qxd5 12. Qe2 Kh8 13. Bc4 Qd6 14. c3
Bc5 15. Ng5 Qg6 16. Qd3 h6 17. Nf7+ Rxf7 18. Bxf7 Qxf7 19. b4 Bb6 20. a4 Be6
21. Rfd1 Rd8 22. Qe2 Bc4 23. Qe1 Bb3 24. Rdc1 Qd5 25. Be3 Bxe3 26. Qxe3 Qd2 27.
Qf3 g6 28. Qe3 Qxe3 29. fxe3 Rd2 30. Rf1 Rd3 31. e4 f4 32. b5 Na5 33. Rf3 Rd2
34. Rf2 Rxf2 35. Kxf2 Kg7 36. g3 g5 37. gxf4 gxf4 38. Rb1 Kf6 39. Rg1 h5 40. h4
b6 41. Rg5 Bd1 42. Rg8 Bxa4 43. Ra8 Bxb5 44. Rxa7 Bc4 45. Rh7 Bf7 46. Rh6+ Bg6
47. Rh8 Nc4 48. Rc8 Nd2 49. Rc6+ Kg7 50. Rc7+ Bf7 51. c4 Nxc4 52. Ke2 b5 53.
Rb7 Na3 54. Kd3 Kf6 55. Rb6+ Be6 56. Kc3 Ke7 57. Rb7+ Bd7 58. Rb6 Nc4 59. Ra6
Nd6 60. Kd3 Bc8 61. Ra7+ Bb7 62. Ke2 Ke6 63. Ra1 Bxe4 64. Rg1 b4 65. Rg5 b3 66.
Rxh5 b2 67. Rh6+ Kd5 0-1

[Event "Copenhagen Chess Challenge 2012"]
[Site "Ballerup"]
[Date "2012.??.??"]
[Round "6"]
[White "Akdag, Dara"]
[Black "Haubro, Martin"]
[Result "1-0"]
[WhiteElo "2264"]
[BlackElo "2092"]
[PlyCount "105"]
[EventDate "2012.??.??"]
[EventType "swiss"]
[EventRounds "9"]
[EventCountry "DEN"]

1. c4 e5 2. Nc3 d6 3. g3 f5 4. Bg2 Nf6 5. d3 Be7 6. e3 O-O 7. Nge2 c6 8. O-O
Na6 9. Bd2 Be6 10. Qb3 Rb8 11. d4 Bf7 12. Qa4 Qd7 13. Rac1 Rfe8 14. Rfd1 Bf8
15. d5 Nc5 16. Qa3 cxd5 17. Nxd5 Nxd5 18. cxd5 e4 19. Nf4 g5 20. Ne2 Nd3 21.
Rc3 Bh5 22. Kf1 Bxe2+ 23. Kxe2 Qb5 24. Rxd3 Qxd3+ 25. Qxd3 exd3+ 26. Kxd3 Bg7
27. Rb1 Rbc8 28. Bb4 Bf8 29. f3 h5 30. h4 g4 31. fxg4 fxg4 32. Rf1 Rc7 33. Rf5
Re5 34. Rxf8+ Kxf8 35. Bxd6+ Ree7 36. e4 Ke8 37. Bf4 Rf7 38. d6 Rc5 39. e5 Kd7
40. Be4 Ke6 41. Bg6 Rxf4 42. gxf4 g3 43. Be4 Rc8 44. Kd4 Rg8 45. f5+ Kd7 46.
Bg2 Rg4+ 47. Kd5 Rf4 48. e6+ Kd8 49. Ke5 Rf2 50. Bxb7 Rc2 51. f6 Rc5+ 52. Kf4
Rb5 53. f7 1-0

[Event "Copenhagen Chess Challenge 2012"]
[Site "Ballerup"]
[Date "2012.??.??"]
[Round "6"]
[White "Haubro, Sigfred"]
[Black "Wilbrandt, Simon Pil"]
[Result "1/2-1/2"]
[WhiteElo "2135"]
[BlackElo "1949"]
[PlyCount "85"]
[EventDate "2012.??.??"]
[EventType "swiss"]
[EventRounds "9"]
[EventCountry "DEN"]

1. b4 e5 2. Bb2 Bxb4 3. Bxe5 Nf6 4. Nf3 O-O 5. e3 Re8 6. Be2 Ng4 7. Bb2 Rxe3 8.
c3 Rxe2+ 9. Qxe2 Bd6 10. d4 b6 11. Nbd2 Ba6 12. c4 Qe7 13. Qxe7 Bxe7 14. O-O d5
15. Rfe1 Kf8 16. cxd5 Nf6 17. Rac1 Nxd5 18. Re4 Nd7 19. Ne5 N7f6 20. Ree1 Bb4
21. Rc2 Bb5 22. Ra1 Ba4 23. Nb3 a5 24. g3 Re8 25. Rac1 Ne4 26. Nc6 Bd6 27. Re2
Bb5 28. Ree1 Bxc6 29. Rxc6 Nb4 30. Rc4 b5 31. Rxb4 Bxb4 32. Re3 a4 33. Nc1 Nd6
34. Nd3 Rxe3 35. fxe3 Bd2 36. Kf2 Nc4 37. Bc1 Ba5 38. Ke2 Ke7 39. Nc5 Bb6 40.
Ne4 h6 41. Kd3 f5 42. Nc3 c6 43. Nxa4 1/2-1/2

[Event "Copenhagen Chess Challenge 2012"]
[Site "Ballerup"]
[Date "2012.??.??"]
[Round "6"]
[White "Nielsen, Klaus"]
[Black "Petrovski, Petruli"]
[Result "1-0"]
[WhiteElo "2092"]
[BlackElo "1879"]
[PlyCount "82"]
[EventDate "2012.??.??"]
[EventType "swiss"]
[EventRounds "9"]
[EventCountry "DEN"]

1. e4 c5 2. Nc3 Nc6 3. f4 d6 4. Nf3 Nf6 5. Bb5 Bd7 6. Bxc6 Bxc6 7. d3 g6 8. O-O
Bg7 9. Qe1 Qc7 10. Rb1 b5 11. Bd2 b4 12. Ne2 a5 13. a3 d5 14. e5 Nd7 15. d4
bxa3 16. bxa3 c4 17. e6 fxe6 18. Ng5 Nf8 19. Bc3 h6 20. Nf3 Bf6 21. Ne5 Bxe5
22. dxe5 Kd7 23. Nd4 Ra6 24. Qg3 Ba4 25. Rb2 Qc5 26. Rfb1 Bc6 27. Kh1 h5 28. f5
exf5 29. e6+ Nxe6 30. Nxe6 Kxe6 31. Qxg6+ Kd7 32. Qxf5+ e6 33. Qf7+ Kd6 34.
Bxh8 d4 35. Qf4+ Kd7 36. Bxd4 Qd5 37. Qf7+ Kd6 38. Qf8+ Kd7 39. c3 Ra8 40. Qf7+
Kd6 41. Re1 Bd7 1-0

[Event "Copenhagen Chess Challenge 2012"]
[Site "Ballerup"]
[Date "2012.??.??"]
[Round "6"]
[White "Philipsen, William Horup"]
[Black "Yildiz, Hasan"]
[Result "0-1"]
[WhiteElo "1895"]
[BlackElo "2032"]
[PlyCount "70"]
[EventDate "2012.??.??"]
[EventType "swiss"]
[EventRounds "9"]
[EventCountry "DEN"]

1. e4 g6 2. d4 d6 3. f4 Bg7 4. Nf3 Bg4 5. c3 e5 6. fxe5 dxe5 7. Bc4 Nd7 8. O-O
Qe7 9. Qb3 O-O-O 10. Ng5 exd4 11. Rxf7 Qc5 12. Rxg7 dxc3+ 13. Kh1 Nb6 14. Be6+
Bxe6 15. Qxe6+ Kb8 16. Nxc3 Qxc3 17. Bf4 Qxg7 18. Be5 Qe7 19. Rf1 h6 20. Bxh8
Qxg5 21. e5 Nd7 22. g3 h5 23. h4 Qxg3 24. Bf6 Ndxf6 25. exf6 Qxh4+ 26. Kg1 Nxf6
27. Rxf6 Qg3+ 28. Kf1 g5 29. Ke2 a6 30. Qe7 Qg2+ 31. Ke1 Qd2+ 32. Kf1 Qd1+ 33.
Kg2 Rd2+ 34. Rf2 Qg4+ 35. Kf1 Rd1+ 0-1

[Event "Copenhagen Chess Challenge 2012"]
[Site "Ballerup"]
[Date "2012.??.??"]
[Round "6"]
[White "Knudsen, Jes West"]
[Black "Jorgensen, Carina Eilegaard"]
[Result "0-1"]
[WhiteElo "1890"]
[BlackElo "2028"]
[PlyCount "64"]
[EventDate "2012.??.??"]
[EventType "swiss"]
[EventRounds "9"]
[EventCountry "DEN"]

1. e4 d5 2. exd5 Nf6 3. Nf3 Nxd5 4. d4 g6 5. c4 Nb6 6. c5 Nd5 7. Bc4 Bg7 8. Qb3
c6 9. Nc3 e6 10. Ne4 O-O 11. h4 h5 12. Nd6 Qc7 13. Ne5 b6 14. Nxc8 Rxc8 15.
Bxd5 exd5 16. cxb6 Qxb6 17. Qf3 Rc7 18. Be3 Qb4+ 19. Kf1 Qxb2 20. Re1 Qxa2 21.
g4 Bxe5 22. dxe5 Qc4+ 23. Re2 Qxg4 24. Qf6 Nd7 25. Qd6 Rac8 26. Rg1 Qh3+ 27.
Ke1 Qf5 28. Rg5 Qb1+ 29. Kd2 Rb7 30. e6 Rb2+ 31. Kc3 Rb3+ 32. Kd2 Rd3# 0-1

[Event "Copenhagen Chess Challenge 2012"]
[Site "Ballerup"]
[Date "2012.??.??"]
[Round "6"]
[White "Tandrup, Michael"]
[Black "Ulrich, Thomas"]
[Result "0-1"]
[WhiteElo "1967"]
[BlackElo "1933"]
[PlyCount "102"]
[EventDate "2012.??.??"]
[EventType "swiss"]
[EventRounds "9"]
[EventCountry "DEN"]

1. c4 Nf6 2. g3 e6 3. Bg2 d5 4. b3 c5 5. cxd5 exd5 6. Bb2 Nc6 7. d3 Be7 8. Nf3
O-O 9. Nbd2 Re8 10. Rc1 Bd6 11. O-O Bg4 12. Re1 Rc8 13. Nf1 d4 14. N1d2 b6 15.
Ng5 Nb4 16. Nde4 Nbd5 17. Nxd6 Qxd6 18. Ne4 Qd7 19. Nxf6+ Nxf6 20. Qd2 Bh3 21.
Bf3 Nd5 22. Qg5 Nf6 23. e4 h6 24. Qd2 Ng4 25. Qf4 Ne5 26. Be2 g5 27. Qd2 Rc6
28. Kh1 g4 29. b4 Nf3 30. Bxf3 gxf3 31. Qf4 Bg2+ 32. Kg1 Rg6 33. Qh4 Re5 34.
bxc5 bxc5 35. Rb1 Kg7 36. h3 Bxh3 37. Qf4 Rh5 38. Qxf3 Bg4 39. Qg2 Bh3 40. Qf3
Rhg5 41. Bc1 Bg4 42. Qg2 Bh3 43. Qf3 Rf6 44. Bf4 Bg4 45. Qg2 Rxf4 46. gxf4 Rg6
47. Kh2 Qe7 48. Rh1 Qh4+ 49. Kg1 Bh3 50. Rxh3 Qxh3 51. Qxg6+ Kxg6 0-1

[Event "Copenhagen Chess Challenge 2012"]
[Site "Ballerup"]
[Date "2012.??.??"]
[Round "6"]
[White "Ziska, Helgi Dam"]
[Black "Hector, Jonny"]
[Result "1-0"]
[WhiteElo "2450"]
[BlackElo "2560"]
[PlyCount "139"]
[EventDate "2012.??.??"]
[EventType "swiss"]
[EventRounds "9"]
[EventCountry "DEN"]

1. e4 e5 2. Nf3 Nc6 3. Bb5 a6 4. Ba4 Nf6 5. O-O Be7 6. d3 d6 7. c3 Bg4 8. Nbd2
Nd7 9. h3 Bh5 10. Re1 Nc5 11. Bc2 Ne6 12. Nf1 Ng5 13. Bxg5 Bxg5 14. Ng3 Bxf3
15. Qxf3 g6 16. Bb3 O-O 17. a3 Qf6 18. Qxf6 Bxf6 19. Nf1 Ne7 20. Rad1 a5 21.
Ne3 c6 22. Rf1 a4 23. Ba2 Bg5 24. d4 exd4 25. Rxd4 Nc8 26. e5 dxe5 27. Rd7 Ra7
28. Nc4 b5 29. Rxa7 Nxa7 30. Nxe5 Kg7 31. Rd1 Rd8 32. Rxd8 Bxd8 33. Nxf7 Bc7
34. Ng5 Bb8 35. g3 Nc8 36. Bb1 Nd6 37. Bd3 Ba7 38. Kf1 h6 39. Ne6+ Kf6 40. Nd8
c5 41. Nc6 Bb6 42. Nb8 c4 43. Bc2 Bc7 44. Nd7+ Ke7 45. Ne5 g5 46. Ng4 h5 47.
Ne3 Ke6 48. Bg6 h4 49. gxh4 gxh4 50. Ng2 Bd8 51. Ke2 Bf6 52. f4 Nb7 53. Be8 Nd6
54. Bc6 Ke7 55. Ne3 Ke6 56. Kf3 Bd8 57. Kg4 Bb6 58. Ng2 Bf2 59. Kf3 Bg3 60. Ne3
Ke7 61. Nf1 Be1 62. Ke2 Bg3 63. Nxg3 hxg3 64. Kf3 Kd8 65. Kxg3 Kc7 66. Bd5 Nf5+
67. Kf3 Kd6 68. Be4 Ng7 69. h4 Ne6 70. h5 1-0

[Event "Copenhagen Chess Challenge 2012"]
[Site "Ballerup"]
[Date "2012.??.??"]
[Round "6"]
[White "Stefansson, Hannes"]
[Black "Semcesen, Daniel"]
[Result "1/2-1/2"]
[WhiteElo "2516"]
[BlackElo "2461"]
[PlyCount "73"]
[EventDate "2012.??.??"]
[EventType "swiss"]
[EventRounds "9"]
[EventCountry "DEN"]

1. e4 e5 2. Nf3 Nc6 3. Bb5 Nf6 4. O-O Bc5 5. c3 O-O 6. d4 Bb6 7. a4 a5 8. Na3
Nxe4 9. Nc4 Ba7 10. Re1 d5 11. Bxc6 bxc6 12. Ncxe5 Bb7 13. Be3 Re8 14. Qc2 Qd6
15. b4 f6 16. Nd3 Ba6 17. Nc5 Bc8 18. Bd2 axb4 19. cxb4 Bg4 20. Be3 Rab8 21.
Nd3 g5 22. Rac1 Bf5 23. Qxc6 Qxc6 24. Rxc6 Nd6 25. Rxc7 Bxd3 26. Rxa7 Rxb4 27.
Rc1 Nc4 28. h4 h6 29. Nh2 Bf5 30. hxg5 hxg5 31. Nf1 Rb2 32. Ng3 Bg6 33. Rc3 Kf8
34. a5 Re7 35. Ra8+ Re8 36. Ra7 Re7 37. Ra8+ 1/2-1/2

[Event "Copenhagen Chess Challenge 2012"]
[Site "Ballerup"]
[Date "2012.??.??"]
[Round "6"]
[White "Teplyi, Igor"]
[Black "Danielsen, Henrik"]
[Result "1/2-1/2"]
[WhiteElo "2388"]
[BlackElo "2498"]
[PlyCount "152"]
[EventDate "2012.??.??"]
[EventType "swiss"]
[EventRounds "9"]
[EventCountry "DEN"]

1. d4 d6 2. Nf3 Bg4 3. c4 Nd7 4. g3 Bxf3 5. exf3 g6 6. Bg2 Bg7 7. O-O e6 8. f4
c6 9. d5 exd5 10. Re1+ Ne7 11. cxd5 c5 12. Qe2 Kf8 13. a4 Nf5 14. Ra3 h6 15.
Nd2 Kg8 16. h4 Nf6 17. Nc4 Kh7 18. Qd1 h5 19. Ne3 Nd4 20. Rd3 Re8 21. b3 Qd7
22. Bb2 Ng4 23. Nxg4 Qxg4 24. Kf1 Qxd1 25. Rexd1 Nc2 26. R3d2 Nb4 27. Ba3 Na6
28. Bf3 Nc7 29. b4 cxb4 30. Bxb4 Bf8 31. Rc2 Na6 32. Ba3 Rac8 33. Rdc1 Rxc2 34.
Rxc2 f5 35. Re2 Rxe2 36. Kxe2 Kg7 37. Bb2+ Kf7 38. Bd4 b6 39. Kd2 Bg7 40. Be3
Nb4 41. Bd1 Ke7 42. Bb3 Kd7 43. f3 Na6 44. a5 bxa5 45. Ba4+ Ke7 46. Bxa7 Nb4
47. Bb3 Ba1 48. Bb6 a4 49. Bxa4 Nxd5 50. Bf2 Bc3+ 51. Kd3 Ba5 52. Bb3 Nc7 53.
Ba2 Bb4 54. Bb3 Ne6 55. Bd5 Bc5 56. Be1 Nc7 57. Bb3 d5 58. Ba4 Bb6 59. Bc6 Kd6
60. Ba4 Ke6 61. Bc6 Ke7 62. Bb4+ Ke6 63. Be1 Kf7 64. Bb7 Kf6 65. Bc6 Ke6 66.
Ba4 Kd6 67. Bb4+ Ke6 68. Be1 Bc5 69. Bc6 Bg1 70. Ba4 Na6 71. Be8 Nc5+ 72. Ke2
Kf6 73. Bb4 Ne6 74. Bd6 Kg7 75. Be5+ Kh7 76. Bf7 Nd4+ 1/2-1/2

[Event "Copenhagen Chess Challenge 2012"]
[Site "Ballerup"]
[Date "2012.??.??"]
[Round "6"]
[White "Andersen, Mads"]
[Black "Hove, Esben Kjems"]
[Result "1-0"]
[WhiteElo "2431"]
[BlackElo "2247"]
[PlyCount "61"]
[EventDate "2012.??.??"]
[EventType "swiss"]
[EventRounds "9"]
[EventCountry "DEN"]

1. d4 d5 2. c4 c6 3. Nf3 Nf6 4. e3 e6 5. b3 Nbd7 6. Bb2 Ne4 7. Bd3 f5 8. O-O
Bd6 9. Qc1 O-O 10. Ba3 Rf6 11. Bxd6 Nxd6 12. Nbd2 Rh6 13. Ne5 Ne4 14. f4 Qh4
15. Ndf3 Qh5 16. h3 Rf6 17. Nxd7 Bxd7 18. Bxe4 fxe4 19. Ne5 Qe8 20. Qa3 Qd8 21.
Rab1 Be8 22. b4 a6 23. Qc3 Rf8 24. Qe1 Qe7 25. Rf2 g5 26. fxg5 Rxf2 27. Qxf2
Qxg5 28. Rf1 Bg6 29. c5 Re8 30. h4 Qh6 31. Ng4 1-0

[Event "Copenhagen Chess Challenge 2012"]
[Site "Ballerup"]
[Date "2012.??.??"]
[Round "6"]
[White "Sylvan, Jacob"]
[Black "Bromann, Thorbjorn"]
[Result "1/2-1/2"]
[WhiteElo "2310"]
[BlackElo "2411"]
[PlyCount "62"]
[EventDate "2012.??.??"]
[EventType "swiss"]
[EventRounds "9"]
[EventCountry "DEN"]

1. d4 g6 2. c4 Bg7 3. Nc3 d6 4. e4 e5 5. d5 f5 6. Bd3 Nf6 7. exf5 gxf5 8. Nge2
O-O 9. O-O Na6 10. Ng3 e4 11. Bc2 Ng4 12. h3 Ne5 13. Nh5 Bh8 14. Qe2 Qh4 15.
Nf4 Bd7 16. Nb5 Ng6 17. Ne6 Bxe6 18. dxe6 Qe7 19. f3 c6 20. Nc3 Qxe6 21. fxe4
f4 22. Bd2 Bd4+ 23. Kh1 Be5 24. c5 Kh8 25. cxd6 Qxd6 26. Rad1 Qe7 27. Qh5 Nc7
28. Ne2 Ne6 29. Bc3 Bxc3 30. bxc3 Qg7 31. Nd4 Nxd4 1/2-1/2

[Event "Copenhagen Chess Challenge 2012"]
[Site "Ballerup"]
[Date "2012.??.??"]
[Round "6"]
[White "Svane, Rasmus"]
[Black "Fries Nielsen, Jens Ove"]
[Result "1/2-1/2"]
[WhiteElo "2390"]
[BlackElo "2363"]
[PlyCount "64"]
[EventDate "2012.??.??"]
[EventType "swiss"]
[EventRounds "9"]
[EventCountry "DEN"]

1. d4 g6 2. c4 Bg7 3. e4 Nc6 4. Be3 e5 5. Nf3 exd4 6. Nxd4 Qf6 7. Nxc6 bxc6 8.
Nc3 Ne7 9. Qd2 h6 10. Be2 g5 11. h4 gxh4 12. O-O-O d6 13. e5 Qxe5 14. Rxh4 Qa5
15. Bd4 Bxd4 16. Qxd4 Qe5 17. Qd2 Qg7 18. Bf3 Bd7 19. Rh5 Rb8 20. Rdh1 Ng6 21.
Re1+ Kf8 22. Ra5 Be6 23. Rxa7 Ne5 24. Be2 Qxg2 25. Rxc7 d5 26. Qd4 Qh2 27. Bh5
Nd3+ 28. Kd2 Rxb2+ 29. Kxd3 dxc4+ 30. Ke4 f5+ 31. Kf3 Qh3+ 32. Kf4 Qh2+ 1/2-1/2